000 00311nam a2200133Ia 4500
005 20260328104317.0
008 260328s9999||||xx |||||||||||||| ||und||
100 _aMinguet, Anna
245 0 _aModular MIcro Apartments /
_cAnna Minguet
260 _bMonsa
300 _a136 p.
650 _aMADERA
942 _cBK
999 _c11214
_d11214